| 000 | 00658nam a22001935i 4500 | ||
|---|---|---|---|
| 001 | 156548 | ||
| 003 | ES-MaACL | ||
| 005 | 20250804012826.0 | ||
| 008 | 940202s1843 fr |||| | fre d | ||
| 040 |
_aCAM _bspa |
||
| 100 | 1 |
_aKant, Immanuel, _d1724-1804 _9222608 |
|
| 245 | 1 | 0 |
_aLeçons de métaphysique / _cde Kant ; publiées par M. Poelitz... ; traduites de l'allemand par Jh. Tissot. |
| 260 |
_aParis : _bLibraire Philosophique de Ladrange, _c1843. |
||
| 300 |
_aXL, 446 p. ; _c21 cm. |
||
| 650 | 7 |
_aMetafísica _2embne _915012 |
|
| 700 | 1 |
_aTissot, J. _9133274 |
|
| 852 |
_aES-MaACL _jF-7152 _z-- Enc. cartón |
||
| 999 |
_c156548 _d156548 |
||